| 000 | 01967nam a2200433 i 4500 | ||
|---|---|---|---|
| 001 | ebr10866763 | ||
| 003 | CaPaEBR | ||
| 006 | m o d | ||
| 007 | cr cn||||||||| | ||
| 008 | 140515t20142014ilu ob 001 0 eng d | ||
| 020 | _z9780830840496 | ||
| 020 | _a9780830880225 (e-book) | ||
| 040 |
_aCaPaEBR _beng _erda _epn _cCaPaEBR |
||
| 035 | _a(OCoLC)880457222 | ||
| 050 | 1 | 4 |
_aBT736.15 _b.G48 2014eb |
| 082 | 0 | 4 |
_a261.832 _223 |
| 100 | 1 |
_aGerhardt, Elizabeth, _eauthor. |
|
| 245 | 1 | 4 |
_aThe cross and gendercide : _ba theological response to global violence against women and girls / _cElizabeth Gerhardt ; cover design Cindy Kiple ; interior design Beth Hagenberg. |
| 264 | 1 |
_aDowners Grove, Illinois : _bIVP Academics, _c2014. |
|
| 264 | 4 | _c�2014 | |
| 300 | _a1 online resource (187 pages) | ||
| 336 |
_atext _2rdacontent |
||
| 337 |
_acomputer _2rdamedia |
||
| 338 |
_aonline resource _2rdacarrier |
||
| 504 | _aIncludes bibliographical references and index. | ||
| 588 | _aDescription based on print version record. | ||
| 590 | _aElectronic reproduction. Palo Alto, Calif. : ebrary, 2014. Available via World Wide Web. Access may be limited to ebrary affiliated libraries. | ||
| 650 | 0 |
_aGirls _xCrimes against. |
|
| 650 | 0 |
_aWomen _xCrimes against _xReligious aspects _xChristianity. |
|
| 650 | 0 |
_aGirls _xViolence against. |
|
| 650 | 0 |
_aWomen _xViolence against. |
|
| 650 | 0 |
_aViolence _xReligious aspects _xChristianity. |
|
| 655 | 0 | _aElectronic books. | |
| 700 | 1 |
_aKiple, Cindy, _ecover designer. |
|
| 700 | 1 |
_aHagenberg, Beth, _edesigner. |
|
| 776 | 0 | 8 |
_iPrint version: _aGerhardt, Elizabeth. _tCross and gendercide : a theological response to global violence against women and girls. _dDowners Grove, Illinois : IVP Academics, c2014 _h181 pages _z9780830840496 _w2014005350 |
| 797 | 2 | _aebrary. | |
| 856 | 4 | 0 |
_uhttp://site.ebrary.com/lib/rucke/Doc?id=10866763 _zAn electronic book accessible through the World Wide Web; click to view |
| 999 |
_c105974 _d105974 |
||